00356 a2200109 4500001001000000005001700010008004100027245007200068100002200140773006700162999001700229ART_3505820260410162005.0260409a 10aLos derechos reales en el Código Civil y Comercial de la Nación1 aSmayevsky, Miriam0 tTemas de derecho civilg- Año 1, Nº 2 (nov. 2015)wREV34778 c31603d31603